00310nam a2200121Ia 4500008004100000040001600041041001200057082001700069100002300086245003600109260002800145300001500173230917s9999||||xx |||||||||||||| ||und|| e48909aMAIN aEnglish a823.7 D44H:C aHardy, Barbara, ed 0aCritical essays on George Eliot aLondonbRoutledgec1970 axi, 218 p.